000 00368pab a2200145 454500
008 180718b2017 xxu||||| |||| 00| 0 eng d
100 _aMishra, Lokanath
245 _aRUSA: a new feather in the cap of higher education
260 _c2017
300 _ap.172-174.
362 _a30 Jan
650 _aHigher education
773 _aUniversity News
909 _a113789
999 _c113783
_d113783